Rozpoznaj alfabet, skrypt lub system pisma po zdjęciu - Statystyki

Ogólne statystyki
  • Ten quiz został rozwiązany 2 163 razy
  • Średni wynik to 13 z 44
Statystyki odpowiedzi
Obrazkowy Odpowiedź % Poprawnych
Arabski
86%
Chiński
84%
Grecki
84%
Hangul
79%
Język {migowy}
79%
Cyrylica
77%
Kana
76%
Hieroglify
61%
Łaciński
61%
Hebrajski
60%
Morse'a
53%
Braille'a
52%
Tajski
52%
Dewanagari
50%
Pismo {klinowe}
37%
Gruziński
31%
Międzynarodowy alfabet fonetyczny
29%
Runy
28%
Mongolski
27%
Ormiański
21%
Khmerski
19%
Elficki (Władca Pierścieni)
16%
Malajski
14%
Birmański
12%
Fenickie
12%
Gyyz
11%
Laotański
11%
Tamilski
11%
Tybetański
10%
Aurebesh (Gwiezdne Wojny)
7%
Maja
7%
Manuskrypt {Wojnicza}
7%
Berberyjski
6%
Gotyckie
6%
Jawajski
6%
Syryjski
6%
Taana
6%
Klingoński (Star Trek)
5%
Skrypt {wschodni Nagari}
5%
Telugu
5%
Czirokeski
4%
Gudżarati
4%
Kri
4%
Rongorongo (Wyspa Wielkanocna)
4%
Nie znaleziono quizów pasujących do podanych kryteriów
Rozkład punktacji
Procent ludzi z każdym wynikiem
Percentyl według liczby udzielonych odpowiedzi
Twoja historia wyników
Nie rozwiązałeś tego quizu